LEADER 01168nam0 22002651i 450 001 VAN0037371 005 20060509120000.0 010 $a88-495-1043-8 100 $a20050623d2005 |0itac50 ba 101 $aita 102 $aIT 105 $a|||| ||||| 200 1 $aConfideiussione e obbligazione solidale$fGerardo Villanacci 210 $aNapoli$cEdizioni scientifiche italiane$dc2005 215 $a99 p.$d24 cm. 410 1$1001VAN0004711$12001 $aQuaderni della Rassegna di diritto civile$fdiretta da Pietro Perlingieri$1210 $aNapoli$cEdizioni scientifiche italiane. 620 $dNapoli$3VANL000005 700 1$aVillanacci$bGerardo$3VANV000494$0235921 712 $aESI $3VANV108662$4650 801 $aIT$bSOL$c20240329$gRICA 912 $aVAN0037371 950 $aBIBLIOTECA DEL DIPARTIMENTO DI GIURISPRUDENZA$d00CONS XV.Ee.62 $e00 27511 20050623 950 $aBIBLIOTECA DEL DIPARTIMENTO DI GIURISPRUDENZA$d00CONS XV.Ee.62 bis $e00 30642 20071129 996 $aConfideiussione e obbligazione solidale$9757330 997 $aUNICAMPANIA LEADER 01805nam0 22004213i 450 001 VAN00290982 005 20250624110955.277 017 70$2N$a9789401116008 100 $a20250408d1993 |0itac50 ba 101 $aeng 102 $aNL 105 $a|||| ||||| 181 $ai$b e 182 $ab 183 $acr 200 1 $aApplications of Liapunov Methods in Stability$fby A. Halanay and V. R?svan 210 $aDordrecht$cSpringer$cKluwer$d1993 215 $axi, 237 p.$d24 cm 410 1$1001VAN00022423$12001 $aMathematics and its applications$1210 $aDordrecht$cReidel$d1977-2007$1300 $aL'editore varia in: Kluwer ; [poi] Springer$v245 606 $a34-XX$xOrdinary differential equations [MSC 2020]$3VANC021251$2MF 606 $a34D20$xStability of solutions to ordinary differential equation [MSC 2020]$3VANC022916$2MF 610 $aMathematics$9KW:K 610 $aModeling$9KW:K 610 $aStability$9KW:K 610 $aStability theory$9KW:K 620 $aNL$dDordrecht$3VANL000068 700 1$aHalanay$bAristide$3VANV246217$058973 701 1$aR?svan$bVladimir B.$3VANV246218$01803452 712 $aKluwer $3VANV108116$4650 712 $aSpringer $3VANV108073$4650 801 $aIT$bSOL$c20250627$gRICA 856 4 $uhttps://doi.org/10.1007/978-94-011-1600-8$zE-book ? Accesso al full-text attraverso riconoscimento IP di Ateneo, proxy e/o Shibboleth 899 $aBIBLIOTECA DEL DIPARTIMENTO DI MATEMATICA E FISICA$1IT-CE0120$2VAN08 912 $fN 912 $aVAN00290982 950 $aBIBLIOTECA DEL DIPARTIMENTO DI MATEMATICA E FISICA$d08DLOAD e-Book 11372 $e08eMF11372 20250611 996 $aApplications of Liapunov Methods in Stability$94350510 997 $aUNICAMPANIA